Logo BPK

Biblioteka

Politechniki Koszalińskiej

Regular Economic Report : (Rekord nr 49646)

Szczegóły MARC
000 -ETYKIETA REKORDU
podpole kontrolne o stałej długości 00929nam a2200265 i 4500
001 - NUMER KONTROLNY REKORDU
pole kontrolne bg
020 ## - MIĘDZYNARODOWY ZNORMALIZOWANY NUMER KSIĄŻKI - ISBN
ISBN 9788388911064
040 ## - ŹRÓDŁO KATALOGOWANIA
Instytucja, która utworzyła rekord BPK
041 0# - KOD JĘZYKA
Kod języka tekstu eng
044 ## - KOD KRAJU WYDAWCY/PRODUCENTA
Kod kraju wydawcy/producenta POL
080 ## - UNIWERSALNA KLASYFIKACJA DZIESIĘTNA - UKD
UKD 339.73
920 ## - Międzynarodowy znormalizowany numer książki – ISBN
ISBN 978-83-88911-06-4
008 - POLE O STAŁEJ DŁUGOŚCI - DANE KONTROLNE
podpole kontrolne o stałej długości 100830s2007 pl |001 0 eng
245 00 - TYTUŁ/ODPOWIEDZIALNOŚĆ
Tytuł Regular Economic Report :
Ciąg dalszy tytułu Special Topics : 2006 : EU-8+2 /
Pozostałe elementy strefy tytułu i oznaczenia odpowiedzialności [Thomas Laursen et al. ; The World Bank Warsaw Office].
246 1# - WARIANT TYTUŁU
Tytuł EU-8+2 Regular Economic Report Special Topics/2006
260 ## - STREFA ADRESU WYDAWNICZEGO
Miejsce wydania Warsaw :
Nazwa wydawcy/dystrybutora The World Bank Warsaw Office,
Data publikacji, dystrybucji/powstania dokumentu 2007.
300 ## - STREFA OPISU FIZYCZNEGO
Objętość 81 s. :
Inne cechy fizyczne il. kolor. ;
Rozmiary 30 cm.
500 ## - UWAGI OGÓLNE
Tekst uwagi Zawiera raporty z okresu maj 2006 - styczeń 2007.
504 ## - UWAGA DOTYCZĄCA BIBLIOGRAFII
Informacje o bibliografii Bibliogr. przy raportach.
650 #9 - HASŁO PRZEDMIOTOWE W FORMIE NAZWY OGÓLNEJ LUB JEDNOSTKOWEJ
Nazwa ogólna lub geograficzna Unia Europejska
Określnik ogólny członkostwo
-- ocena
650 #9 - HASŁO PRZEDMIOTOWE W FORMIE NAZWY OGÓLNEJ LUB JEDNOSTKOWEJ
Nazwa ogólna lub geograficzna Unia Europejska
Określnik ogólny gospodarka
700 1# - HASŁO DODATKOWE - NAZWA OSOBOWA
Nazwa osobowa Laursen, Thomas.
710 2# - HASŁO DODATKOWE - NAZWA CIAŁA ZBIOROWEGO
Nazwa ciała zbiorowego lub jednostki geograficznej Międzynarodowy Bank Odbudowy i Rozwoju.
Nazwa jednostki podrzędnej Biuro Banku Światowego w Polsce.
856 ## - LOKALIZACJA I DOSTĘP DO ELEKTRONICZNYCH DOKUMENTÓW ZDALNYCH
Link (URL) http://koha.tu.koszalin.pl/cgi-bin/koha/opac-detail.pl?biblionumber=49646
Tekst linku Katalog online BPK
942 ## - DODATKOWE ELEMENTY (KOHA)
Typ dokumentu Książka
Egzemplarze
Wycofany Status egzemplarza Uszkodzony Dostępność Lokalizacja stała Lokalizacja bieżąca Miejsce przechowywania Sygnatura Kod kreskowy Typ dokumentu
      Tylko na miejscu Biblioteka Politechniki Koszalińskiej Biblioteka Politechniki Koszalińskiej Czytelnia Wydziałowa ul. Kwiatkowskiego 6e S 1409 02140797 Książka
© 2023 Biblioteka Politechniki Koszalińskiej :: KOHA